00658 2200217 4500001002100000005001700021008004100038020002200079035002400101082000800125090001800133100002700151245009900178250001100277260003300288300001900321504002900340650003600369700001400405999002100419YOGYA-0213000000095520130225082507.0 ind  a978-602-7640-40-5 0010-021300000000955 a613 aDEP 613 Sit O aSITIATAVA RIZEMA PUTRA aOptimalkan kesehatan wajah dan kulit dengan bengkuang/ Sitiava Rizema Putra; editor, Rusdianto aCet. 1 aYogyakartabDiva Pressc2012 a134 hlmc20 cm aBibliografi: hlm 133-134 aBengkuang(buah)-aspek kesehatan aRusdianto aCB-D.11 2012-948